| 000 | 005570000a22001810004500 | ||
|---|---|---|---|
| 003 | MACL | ||
| 005 | 20160409151352.0 | ||
| 008 | 160409b xxu||||| |||| 00| 0 eng d | ||
| 040 |
_aMACL _cMACL |
||
| 041 | _aHindi | ||
| 082 | _a370 | ||
| 100 |
_aप्रो सत्यमूर्ति _951397 |
||
| 245 | _aमहात्मा गांधी का शिक्षा दर्शन | ||
| 260 |
_aदिल्ली _bअरूण प्रकाशन _c2011 |
||
| 350 | _a395 | ||
| 650 |
_aEducation _951399 |
||
| 942 |
_cHIN _k370 _2ddc |
||
| 999 |
_c48541 _d48541 |
||